Statistics for Geography of Nigeria

Click here to take the quiz!

General Stats

  • This quiz has been taken 218 times
  • The average score is 14 of 20

Answer Stats

QuestionAnswer% Correct
What is the most populous urban area in Sub-Saharan Africa?Lagos
98%
What is the national capital of Nigeria?Abuja
95%
What is the smallest country Nigeria borders?Benin
93%
What religion do the majority in northern Nigeria follow?Islam
93%
What is the longest river in Nigeria?{Niger} River
93%
What name is given to the Nigerian film industry?Nollywood
92%
What country shares the longest border with Nigeria?Cameroon
87%
What ocean gulf does Nigeria border?Gulf of {Guinea}
85%
What is the name of the main business and financial center of that city?
(Namesake of a British monarch)
{Victoria} Island
76%
On what lake, bordering northeastern Nigeria, does the city of Baga lie?Lake {Chad}
72%
What walled city is the most populous urban area in northern Nigeria?Kano
71%
What type of tuber, that resembles a sweet potato, is the staple crop of Nigeria?Yam
71%
What language has the most native speakers in the above?Yoruba
67%
What ethnic group, starting with H, is the largest one in northern Nigeria?Hausa
55%
What was the most populous urban area in Nigeria at the time of its independence in 1960?Ibadan
52%
What city is considered to be the capital of the oil industry of Nigeria?Port Harcourt
50%
What ethnic group, starting with F, are widely dispersed across
West Africa - but most of them live in Nigeria?
Fula
49%
What former independent country existed in southeastern Nigeria between 1967–1970?Biafra
43%
What is the currency of Nigeria?Naira
41%
By what name is Nigeria often referred to as?{Giant} of Africa
24%

Score Distribution

Percentile by Number Answered

Percent of People with Each Score

Your Score History

You have not taken this quiz